Solid-state electronics / (Record no. 181609)
[ view plain ]
| 000 -LEADER | |
|---|---|
| fixed length control field | 01092 a2200229 4500 |
| 003 - CONTROL NUMBER IDENTIFIER | |
| control field | Nust |
| 005 - DATE AND TIME OF LATEST TRANSACTION | |
| control field | 20221122131535.0 |
| 010 ## - LIBRARY OF CONGRESS CONTROL NUMBER | |
| LC control number | 76013561 |
| 020 ## - INTERNATIONAL STANDARD BOOK NUMBER | |
| International Standard Book Number | 0442284608 |
| 040 ## - CATALOGING SOURCE | |
| Transcribing agency | Nust |
| 082 00 - DEWEY DECIMAL CLASSIFICATION NUMBER | |
| Classification number | 621.381,TED |
| 100 1# - MAIN ENTRY--PERSONAL NAME | |
| Personal name | Tedeschi, Frank P. |
| 9 (RLIN) | 103347 |
| 245 10 - TITLE STATEMENT | |
| Title | Solid-state electronics / |
| Statement of responsibility, etc. | Frank P. Tedeschi, Margaret R. Taber. |
| 260 ## - PUBLICATION, DISTRIBUTION, ETC. | |
| Place of publication, distribution, etc. | New York : |
| Name of publisher, distributor, etc. | Van Nostrand Reinhold, |
| Date of publication, distribution, etc. | c1976. |
| 300 ## - PHYSICAL DESCRIPTION | |
| Extent | viii, 204 p. : |
| Other physical details | ill. ; |
| Dimensions | 27 cm. |
| 490 0# - SERIES STATEMENT | |
| Series statement | Electronic technology series |
| 505 ## - FORMATTED CONTENTS NOTE | |
| Formatted contents note | Introductions (Page-1), Rectifications (Page-21), Power Supply Filters (Page-41), Zener Diodes (Page-62), Junction Transistor Familiarization (Page-77), Common –base Configuration (Page-93), Common-Emitter and Common-collector Amplifiers (Page-105), Transistor Specifications and Graphical Analysis (Page-132), Transistor Load Lines (Page-149), Transistor Biasing for Common-emitter circuits (Page-168), More Common – Emitter Biasing (Page-181), |
| 650 #0 - SUBJECT ADDED ENTRY--TOPICAL TERM | |
| Topical term or geographic name entry element | Electronics. |
| 650 #0 - SUBJECT ADDED ENTRY--TOPICAL TERM | |
| Topical term or geographic name entry element | Telecommunication Engineering |
| 700 1# - ADDED ENTRY--PERSONAL NAME | |
| Personal name | Taber, Margaret R., |
| 9 (RLIN) | 103348 |
| 942 ## - ADDED ENTRY ELEMENTS (KOHA) | |
| Source of classification or shelving scheme | |
| Koha item type | Book |
| Withdrawn status | Lost status | Source of classification or shelving scheme | Damaged status | Not for loan | Permanent Location | Current Location | Shelving location | Date acquired | Full call number | Barcode | Date last seen | Price effective from | Koha item type | Public note |
|---|---|---|---|---|---|---|---|---|---|---|---|---|---|---|
| Military College of Signals (MCS) | Military College of Signals (MCS) | General Stacks | 12/12/2016 | 621.381,TED | MCS5919 | 12/08/2016 | 12/12/2016 | Book | Almirah No.31, Shelf No.6 |
